Casas muertas /

محفوظ في:
التفاصيل البيبلوغرافية
المؤلف الرئيسي: Otero Silva, Miguel (autor)
التنسيق: كتاب
اللغة:الإسبانية
منشور في: Barcelona, España : Salvat, 1972, c1971
سلاسل:(Biblioteca Básica Salvat ; 91)
الموضوعات:
الوسوم: إضافة وسم
لا توجد وسوم, كن أول من يضع وسما على هذه التسجيلة!

MARC

LEADER 00000nam^a2200000^a^4500
001 000564961
005 20250521000000.0
009 20260310132037.129
037 |a Acervo Xavier Clavigero 
041 |a ESP 
082 |a 863.  |b OTE 
100 |a Otero Silva, Miguel  |e (autor) 
245 1 0 |a Casas muertas /  |c M. Otero Silva. 
264 1 |a Barcelona, España :  |b Salvat,  |c 1972, c1971 
300 |a 179 p. 
336 |a texto  |b txt  |2 rdacontenido 
337 |a sin mediación  |b n  |2 rdamedio 
338 |a volumen  |b nc  |2 rdasoporte 
440 1 |a (Biblioteca Básica Salvat ;  |v 91) 
649 |a XX 
650 |a Novela Venezolana 
650 |a Literatura Venezolana -  |y Siglo XX 
650 |a Migración Interna en la Literatura 
650 |a Epidemias en la Literatura 
650 |a Muerte en la Literatura 
650 |a Problemas Sociales en la Literatura 
910 |a Fondo General 
920 |a Impresos - Libros 
930 |a Colección General 
940 |a Literatura 
905 |a 101 
901 |a 033278  |b IT1  |c LIT  |i 33278  |u 20250521 
902 |a https://opac.biblio.iteso.mx/vufind/Record/000564961